000 nam a22 7a 4500
999 _c127562
_d127562
008 180301b xxu||||| |||| 00| 0 eng d
020 _a9780701187354
050 _aGE149.V56 2014
100 _aVince, Gaia
_939910
245 _aAdventures in the anthropocene
_ba journey to the heart of the planet we made
_cGaia Vince
260 _aLondon
_bChato and Windus
_c2014
300 _a436p. ;
_c24cm.
650 _aGlobal environmental change
_923591
650 _aGlobal environmental change
_xSocial aspects
_939911
942 _2lcc
_cMONOGRAPH